Normal view
MARC view
- Baluchi (Southwest Asian people)
Entry Topical Term
001 - CONTROL NUMBER
- control field: 3931
003 - CONTROL NUMBER IDENTIFIER
- control field: NUST
005 - DATE AND TIME OF LATEST TRANSACTION
- control field: 20170817104430.0
008 - FIXED-LENGTH DATA ELEMENTS
- fixed length control field: 170817|| aca||aabn | a|a d
040 ## - CATALOGING SOURCE
- Original cataloging agency: NUST
- Transcribing agency: NUST
150 ## - HEADING--TOPICAL TERM
- Topical term or geographic name entry element: Baluchi (Southwest Asian people)
670 ## - SOURCE DATA FOUND
- Source citation: Work cat.: (NUST)0: Oliver, Edward Emmerson. 3929, Across the border :, 2000.
